000 00359nam a2200133Ia 4500
008 231129s1995||||xx |||||||||||||| ||spa||
020 _a84-487-0205-0
082 _a901 J396o
100 _aJaspers Karl.
245 0 _aOrigen y meta de la historia
260 _c1995
264 _aBarcelona : Altaya.
942 _2ddc
_cBKS
999 _c22187
_d22187